000 00600nam a2200205 a 4500
003 AM-YEHGA
001 1687546
005 20250618075418.0
008 200130s2019 ai ||||gr|||||000|p|arm||
020 _a9789939753843
040 _aAM-YeHGA
041 0 _aarm
100 1 _aՀովհաննիսյան, Հենրիկ Վահանի,
_d1936-
_91985
245 1 0 _aՍկեպսիս :
_bՔառյակներ /
_cՀ. Հովհաննիսյան.
260 _aԵրևան :
_bԷդիթ Պրինտ,
_c2019.
300 _a74 էջ ;
_c17 սմ.
650 1 4 _aՀայ պոեզիա
942 _2udc
_cBK
090 _c464673
999 _c461545
_d461545